| 000 | 00938nam a2200289 i 4500 | ||
|---|---|---|---|
| 001 | bgj | ||
| 100 | 1 | _aDINIEJKO, Andrzej. | |
| 245 | 1 | 0 |
_aThe United Kingdom of Great Britain & Northern Ireland, the Repblic of Ireland / _cAndrzej Diniejko. |
| 260 |
_aWarszawa : _bWydawnictwa Szkolne i Pedagogiczne, _c1999. |
||
| 300 |
_a151 pp : _bphotos (mainly col.) ; _c29 cm. |
||
| 490 | 1 |
_aEnglish-Speaking Countries / Andrzej Diniejko ; _v1 |
|
| 504 | _aBibliography p. 150. | ||
| 505 | _aIncludes indexes. | ||
| 650 | 9 | _aEnglish language | |
| 650 | 9 | _aBritish life and culture | |
| 651 | 9 |
_aIreland _xHistory |
|
| 651 | 9 |
_aNorthern Ireland _xHistory |
|
| 651 | 9 |
_aGreat Britain _xHistory |
|
| 655 | _aHandbooks | ||
| 830 | 0 |
_aEnglish-Speaking Countries (Andrzej Diniejko) ; _v1 |
|
| 020 | _a8302074349 | ||
| 040 | _cBPK | ||
| 041 | 0 | _aeng | |
| 920 | _a83-02-07434-9 | ||
| 942 | _cKS | ||
| 008 | s uk f |000 0 eng | ||
| 999 |
_c48466 _d48466 |
||
| 856 |
_uhttp://koha.tu.koszalin.pl/cgi-bin/koha/opac-detail.pl?biblionumber=48466 _yKatalog online BPK |
||